00742nam a22001937a 4500003000900000005001700009008003600026020001800062040002500080082002200105100003000127245009700157246005300254260004600307300002700353500007300380504002700453651006800480DO-SdBNP20240404094740.0210903b 2021 dr a 00| 0 eng d a9789945097405 aDO-SdBNPbspacBNPHU 4a980.02bC957i2221 aCruz Sánchez, Filiberto13aLas revoluciones de independencia en América Latina, 1810-1826 /cFiliberto Cruz Sánchez aLa independencia de América Latina 1810-1826 / aSanto Domingo :bEl Nuevo Diario ;c2020. a98 p. :bil. ;c21 cm. aIncluye referencias bibliográficas y notas al pie de las páginas aBibliografía : p. 99 4aAmérica LatinaxHistoriayGuerras de independencia, 1806-1830